000
00282nam a2200121 a 4500
008
101025s1972|||| d
100
1
_a
Majakovskij, Vladimír
245
1
0
_a
A čo píšete ?
260
_b
Tatran
_a
Bratislava
_c
1972
041
_a
slo
044
_a
xo
_c
SK
020
_c
9
999
_c
12203
_d
12203